000
00257nam a22001217a 4500
008
170426b xxu||||| |||| 00| 0 eng d
041
_a
eng
080
_a
54
100
_a
12
101
_a
SHN
245
_a
CHEMICAL SOLUTIONS
_c
WELCHER.F
942
_2
udc
_c
BK
999
_c
12173
_d
12173